Bienvenue à la Médiathèque de Saint-Andiol
banniere
Accueil Recherche avancée Mon compte
handi1 Rechercher dans le catalogue

Filtre   Mots-clés
  Recherche avancée
 
Lister les dernières nouveautés
 
Lister les livres GROS CARACTERES
 
Lister les périodiques (magazines)

handi1 Voyage d'Octavio (Le)

Book Cover
Auteur principal : Miguel Bonnefoy
Titre : Voyage d'Octavio (Le)
Support : Livres
Langue : Francais
Publié : 2015 Rivages Marseille
Genre : Roman
Sujets :
Étiquettes :
Pas de tags
LEADER 00777nam0a2200193 450
001 16868294
010 |a 978-2-7436-2941-0  |b br.  |d 15 € 
100 |a 20141201d2015 u u0frey01 ba 
101 0 |a fre 
102 |a FR 
200 0 |a Voyage d'Octavio (Le)  |f Miguel Bonnefoy 
207 1 |a   
210 |a Marseille  |b 10 Rue Fortia.  |c Rivages  |d 2015 
215 |a 230 p.  |d 21 x 14 cm 
330 |a Les tribulations d'Octavio, un paysan analphabète vénézuélien, qui se réapproprie son passé et celui de son pays grâce à Alberto Perezzo, l'ami médecin qui lui apprend à écrire. Premier roman. 
700 0 |a Bonnefoy  |b Miguel  |f 1986-....  |4 70 
900 |a Roman 
901 |a Adultes 
995 |a Médiathèque  |c Médiathèque  |f 00156009280942  |h 00156009280942  |k R BON  |o p  |q a  |r az  |e Médiathèque